| 000 | 00000cam 2200000zi 4500 |
| 001 | 9.962773 |
| 003 | CaOODSP |
| 005 | 20260513144800 |
| 006 | m o d f |
| 007 | cr mn||||||||| |
| 008 | 260513s1984 bcc ob f000 0 fre d |
| 040 | |aCaOODSP|bfre|erda|cCaOODSP |
| 043 | |an-cn-bc |
| 086 | 1 |aJS4-1/1984-75F-PDF |
| 100 | 1 |aWachtel, Andy,|d1947- |eauteur. |
| 245 | 14|aLes groupes thérapeutiques à l'intention des maris violents : |bétude d'un programme mis au point à Vancouver / |cAndy Wachtel et Bruce Levens. |
| 264 | 1|aVancouver (C.-B.) : |bSolliciteur général Canada, Secrétariat du Ministère, Direction des programmes, |c1984. |
| 300 | |a1 ressource en ligne (243 pages). |
| 336 | |atexte|btxt|2rdacontent/fre |
| 337 | |ainformatique|bc|2rdamedia/fre |
| 338 | |aressource en ligne|bcr|2rdacarrier/fre |
| 490 | 1 |aDirection des programmes - rapport pour spécialistes ; |vno. 1984-75 |
| 500 | |aÉdition numérisée de l'imprimée [par Sécurité publique Canada]. |
| 500 | |aPublié aussi en anglais sous le titre : Vancouver therapy groups for assaultive males : a program development review. |
| 500 | |a« Ce document de travail est présenté tel qu'il a été soumis au Ministère. Les opinions qu'il renferm sont celles des auteurs et ne représentent pas nécessairement le point de vue du Ministère du Solliciteur général du Canada. » |
| 504 | |aComprend des références bibliographiques (pages 115-119). |
| 520 | |a« Le présent rapport décrit un projet pilote réalisé sous l'égide conjointe du ministère du Solliciteur général du Canada et du ministère du Procureur général de la Colombie-Britannique, visant la mise sur pied, à Vancouver, de thérapies de groupe à l'intention des hommes qui s'étaient livrés à des voies de fait sur leur épouse. Les participants au programme ont été recrutés selon trois méthodes (citées selon l'ordre de priorité du projet): (1) imposition par le tribunal à titre de condition de la libération; (2) mise en contact par les conseillers du tribunal de la famille; (3) mise en contact par d'autres personnes ressources ou par le contrevenant lui-même. Au cours de l'année qui s'est écoulée entre juin 1982 et mai 1983, cinq groupes ont été organisés sous la direction de conseillers conjoints » -- Résumé, page 2. |
| 650 | 6|aHommes violents|xRéhabilitation|zColombie-Britannique|zVancouver. |
| 650 | 6|aFemmes|xViolence envers|xDroit|zColombie-Britannique|zVancouver. |
| 650 | 6|aPsychothérapie de groupe|zColombie-Britannique|zVancouver. |
| 710 | 1 |aCanada. |bSolliciteur général Canada.|bDirection des programmes, |eorganisme de publication. |
| 775 | 08|tVancouver therapy groups for assaultive males : |w(CaOODSP)9.962771 |
| 830 | #0|aRapport pour spécialistes (Canada. Solliciteur général Canada)|vno. 1984-75.|w(CaOODSP)9.808484 |
| 856 | 40|qPDF|s2.13 Mo|uhttps://publications.gc.ca/collections/collection_2026/sp-ps/js4-1/JS4-1-1984-75-fra.pdf |